|
|
|
|
| LEADER |
00813nab a2200217 i 4500 |
| 001 |
acta63103 |
| 005 |
20251217135527.0 |
| 008 |
200130s2006 hu o 000 rus d |
| 022 |
|
|
|a 1586-0736
|
| 040 |
|
|
|a SZTE Egyetemi Kiadványok Repozitórium
|b hun
|
| 041 |
|
|
|a rus
|
| 100 |
1 |
|
|a Fresli Mihály
|
| 245 |
1 |
0 |
|a Predstavleniâ o krasote v fil'me Aleksandra Dovženko "Zemlâ"
|h [elektronikus dokumentum] /
|c Fresli Mihály
|
| 260 |
|
|
|c 2006
|
| 300 |
|
|
|a 33-38
|
| 490 |
0 |
|
|a Hungaro-Ruthenica
|v 3
|
| 650 |
|
4 |
|a Bölcsészettudományok
|
| 650 |
|
4 |
|a Művészetek (művészetek, művészettörténet, előadóművészetek, zene)
|
| 695 |
|
|
|a Filmművészet - orosz - 20. sz.
|
| 700 |
0 |
1 |
|a Dovzsenko Alekszandr Petrovics
|
| 856 |
4 |
0 |
|u http://acta.bibl.u-szeged.hu/63103/1/hungaro_ruthenica_003_033-038.pdf
|z Dokumentum-elérés
|